00601 2200241 4500001002100000005001700021008004100038020001800079035002400097082001000121090002000131100001500151245003900166260004200205300002400247440001500271650001000286850001700296985000600313986001000319999001500329999001500344YOGYA-0209000003932320090227025448.0 ind  a979-22-0387-7 0010-020900000039323 a512.7 a512.7bWol PlK aWOLF, Tony aPutar dan temukan angkacTony Wolf aJakartabGramedia Pustaka Utamac2003 a10 hlmbilusc24 cm aBuku ajaib aAngka aYOPDYOG(JSC) a2 artrev a05B0007707 a05B0007708